玩美不網美 : (Record no. 7627)
[ view plain ]
| 000 -LEADER | |
|---|---|
| fixed length control field | 00798cam a2200265 i 4500 |
| 001 - CONTROL NUMBER | |
| control field | 1191253 |
| 003 - CONTROL NUMBER IDENTIFIER | |
| control field | YEEZEN |
| 005 - DATE AND TIME OF LATEST TRANSACTION | |
| control field | 20241230145223.0 |
| 008 - FIXED-LENGTH DATA ELEMENTS--GENERAL INFORMATION | |
| fixed length control field | 240722s2024 ch ak g 000 0 chi d |
| 020 ## - INTERNATIONAL STANDARD BOOK NUMBER | |
| International Standard Book Number | 9789861442570 |
| Qualifying information | (平裝) : |
| Terms of availability | NT$430 |
| 040 ## - CATALOGING SOURCE | |
| Original cataloging agency | TWTNM |
| Language of cataloging | chi |
| Transcribing agency | TWTNM |
| 042 ## - AUTHENTICATION CODE | |
| Authentication code | nbic |
| 084 ## - OTHER CLASSIFICATION NUMBER | |
| Classification number | 429 |
| Number source | ncsclt |
| 090 ## - LOCALLY ASSIGNED LC-TYPE CALL NUMBER (OCLC); LOCAL CALL NUMBER (RLIN) | |
| Classification number (OCLC) (R) ; Classification number, CALL (RLIN) (NR) | 429 |
| 100 1# - MAIN ENTRY--PERSONAL NAME | |
| Personal name | 謝孟璇 |
| 245 10 - TITLE STATEMENT | |
| Title | 玩美不網美 : |
| Remainder of title | 醫美不能說的秘密 不可不知的健康秘訣 / |
| Statement of responsibility, etc. | 謝孟璇作 |
| 246 30 - VARYING FORM OF TITLE | |
| Title proper/short title | 醫美不能說的秘密 不可不知的健康秘訣 |
| 250 ## - EDITION STATEMENT | |
| Edition statement | 第一版 |
| 260 ## - PUBLICATION, DISTRIBUTION, ETC. | |
| Place of publication, distribution, etc. | 新北市 : |
| Name of publisher, distributor, etc. | 商鼎數位, |
| Date of publication, distribution, etc. | 2024.02 |
| 300 ## - PHYSICAL DESCRIPTION | |
| Extent | 16, 181面 : |
| Other physical details | 彩圖, 表 ; |
| Dimensions | 23公分 |
| 650 #7 - SUBJECT ADDED ENTRY--TOPICAL TERM | |
| Topical term or geographic name entry element | 家庭醫學 |
| Source of heading or term | lcstt. |
| 650 #7 - SUBJECT ADDED ENTRY--TOPICAL TERM | |
| Topical term or geographic name entry element | 保健常識 |
| Source of heading or term | lcstt. |
| 650 #7 - SUBJECT ADDED ENTRY--TOPICAL TERM | |
| Topical term or geographic name entry element | 皮膚美容學 |
| Source of heading or term | lcstt. |
| 942 ## - ADDED ENTRY ELEMENTS (KOHA) | |
| Source of classification or shelving scheme | 中文圖書分類法 |
| Koha item type | 一般圖書 |
| 撤銷狀態 | 遺失狀態 | 分類號來源 | 損壞狀態 | 不外借 | 永久館藏地 | 現在館藏地 | 書架位置 | 採購日期 | 全部借出 | 全部續借 | 完整索書號 | 條碼號 | 最後一次日期記錄 | Date last checked out | 一般價格有效日期 | Koha館藏類型 | 公開資訊 |
|---|---|---|---|---|---|---|---|---|---|---|---|---|---|---|---|---|---|
| 未註銷館藏 | 未遺失 | 中文圖書分類法 | 未損毀 | 可外借 | 怡仁綜合醫院圖書館 | 怡仁綜合醫院圖書館 | 2024-12-30 | 5 | 1 | 429 | C03211 | 2025-07-01 | 2025-06-13 | 2024-12-30 | 一般圖書 | *最好懂的專業醫療健康指引書* 市面上第一本!醫學美容+養生保健雙管齊下,讓你由內到外,逆轉病魔常保健康又能愈來愈漂亮! 網路上醫美跟健康的資訊這麼多,到底要相信誰說的? 歡迎造訪謝孟璇醫師的診間,讓你輕鬆把醫學常識收進口袋裡。 |